000 01760nam a2200337 i 4500
003 EG-GICUC
005 20260311110109.0
008 260311b2011 ne ||||fr|||| 00| 0 eng d
020 _a9789041131706
040 _aEG-GiCUC
_beng
_cEG-GiCUC
_dEG-GiCUC
_erda
082 0 4 _221
_a347.224.056
092 0 4 _221
099 _aLaw 12 2011
100 1 _aEl-Aḥdab, Abd al-Ḥamīd.
245 1 0 _aArbitration with the Arab countries /
_cAbdel Hamid El-Ahdab, Jalal El-Ahdab ; prepared with the assistance of Rita M. Bou Aoun.
250 _a3rd ed., rev. and expanded.
264 _aThe Netherlands :
_bWolters Kluwer Law & Business,
_c2011.
300 _ali, 1200 pages ;
_c25 cm
336 _2rda content
_atext
337 _2rda media
_aComputer
338 _2rda carrier
_aOnline Resource
504 _aIncludes bibliographical references and index.
505 _aIslamic law and arbitration -- Arbitration in Algeria -- Arbitration in Egypt -- Arbitration in Iraq -- Arbitration in the Hashemite kingdom of Jordan -- Arbitration in Kuwait -- Arbitration in Lebanon -- Arbitration in Libya -- Arbitration in Morocco -- Arbitration in Oman -- Arbitration in Qatar -- Arbitration in Saudi Arabia -- Arbitration in Sudan -- Arbitration in Syria -- Arbitration in Tunisia -- Arbitration in the United Arab Emirates -- Arbitration in Yemen -- The Amman Arab Convention on Commercial Arbitration (1987) -- They Riyadh Arab Convention on Judicial Cooperation.
650 0 _aArbitration and award.
650 0 _aArbitration and award (Islamic law)
650 0 _aArbitration and award
_zArab countries.
700 1 _aEl-Ahdab, Jalal,
_d1973-
856 4 0 _uhttps://fll.law.cu.edu.eg/fulltext/bks/ENGB12-00092.pdf
905 _a10
942 _2ddc
_cBK
_e21
_n0
999 _c66016
_d66016